000 01251naa a2200325 c 4500
001 49185
999 _c49185
_d49185
003 ES-MaCES
005 20170411122727.0
008 170411s2016 sp ||||| t||||||| ||spa d
040 _aES-MaCES
_bspa
_cES-MaCES
_dES-MaCES
100 1 _937072
_aRayón Jeréz, Alex
245 1 3 _aEl paradigma del Big Data y su aportación a la gestión y estrategia empresarial
_cAlex Rayón Jerez
500 _aResumen
504 _aBibliografía: p. 524-526
650 4 _930788
_anuevas tecnologías
650 4 _928236
_acambio tecnológico
650 4 _928178
_aempresa
650 4 _930601
_aestrategia empresarial
650 4 _928176
_anegocios
650 4 _928194
_atoma de decisiones
650 4 _928876
_aanálisis de datos
650 4 _928848
_arecopilación de datos
650 4 _929432
_amodelo matemático
650 4 _928873
_ainformática
650 4 _928834
_acentro de computación
653 1 0 _aEmpresa
773 0 _985766
_dBilbao (Hnos. Aguirre, 2, 48080) [Asociación de Licenciados, Universidad Comercial de Deusto] [ca. 1945]-
_o088664
_tBoletín de estudios económicos
_w(ES-MaCES)25534
_gvol. 71, n. 219 (dic. 2016) {10529 R. 088664} ;p. 507-526
902 _aART Artículo de revista
942 _2CES
_cAR
_h0.0.